Leadership in organizations / (Record no. 3568)

MARC details
000 -LEADER
fixed length control field 01172cam a2200217 a 4500
020 ## - INTERNATIONAL STANDARD BOOK NUMBER
ISBN 9780138157142 (pbk.)
020 ## - INTERNATIONAL STANDARD BOOK NUMBER
ISBN 0138157146 (pbk.)
050 #4 - CALL NUMBER
Classification number HD57.7
Item number .Y85 2010
100 1# - AUTHOR
Personal name Yukl, Gary A.,
245 10 - TITLE
Title Leadership in organizations /
Statement of responsibility, etc Gary Yukl.
250 ## - EDITION
Edition statement 7th ed.
260 ## - PUBLICATION INFORMATION
Place of publication Upper Saddle River, N.J :
Name of publisher Pearson,
Year of publication 2010.
300 ## - DESCRIPTION
Number of Pages 644 p. :
Other physical details ill. ;
Dimensions 24 cm.
500 ## - NOTES
General note Previous ed.: 2006.
505 ## - FORMATTED CONTENTS NOTE
Table of Content Introduction --<br/>Nature of managerial work --<br/>Effective leadership behavior --<br/>Leading change and innovation --<br/>Participative leadership and empowerment --<br/>Leadership traits and skills --<br/>Contingency theories and adaptive leadership --<br/>Power and influence tactics --<br/>Dyadic relations and followers --<br/>Leadership in teams and decision groups --<br/>Strategic leadership in organizations --<br/>Charismatic and transformational leadership --<br/>Ethical, servant, spiritual, and authentic leadership --<br/>Cross-cultural leadership and diversity --<br/>Developing leadership skills --<br/>Overview and integration.
650 #0 - SUBJECTS
Topical Term Organization.
650 #0 - SUBJECTS
Topical Term Decision making.
650 #0 - SUBJECTS
Topical Term Leadership.
650 #0 - SUBJECTS
Topical Term Executive ability.
942 ## - ADDED ENTRY ELEMENTS (KOHA)
Koha item type Books
Holdings
Withdrawn status Lost status Collection code Home library Current library Shelving location Date acquired Full call number Accession Number Koha item type
    Reference Methodist University Library Main Methodist University Library Main General Stacks 20/06/2018 HD57.7 .Y85 2010 33794 Books
    Reference Methodist University Library Main Methodist University Library Main General Stacks 20/06/2018 HD57.7 .Y85 2010 33793 Books
    Reference Methodist University Library Main Methodist University Library Main General Stacks 20/06/2018 HD57.7 .Y85 2010 33792 Books
    Reference Methodist University Library Main Methodist University Library Main General Stacks 20/06/2018 HD57.7 .Y85 2010 33791 Books
Copyright © 2026  MUG Library